00349nam a2200109Ia 4500008004100000050002300041245006300064260003300127300001900160650003100179650002900210120626s9999 xx 000 0 und d aJL2115bA6295 2003 aConstitución Política de los Estados Unidos Mexicanos aMéxicob: Sun Risec, 2003 a160 páginas  0aCONSTITUCIÓN (MÉXICO)  0aDERECHOS DE LOS NIÑOS